[Event "Ricany op"]
[Site "Ricany"]
[Date "2004.??.??"]
[Round "?"]
[White "Feierfeil, Jiri"]
[Black "Vodicka, Vladimir"]
[Result "0-1"]
[WhiteElo "1890"]
[BlackElo "2270"]
[PlyCount "62"]
[EventDate "2004.??.??"]
[EventType "swiss"]
[EventRounds "9"]
[EventCountry "CZE"]
[SourceTitle "EXT 2007"]
[Source "ChessBase"]
[SourceDate "2006.11.23"]
[SourceVersion "1"]
[SourceVersionDate "2006.11.23"]
[SourceQuality "1"]

1. d4 Nf6 2. c4 d6 3. Nc3 g6 4. e4 Bg7 5. f3 0-0 6. Be3 e5 7. d5 Nh5 8. g4 Nf4 9. Qd2 f5 10. gxf5 gxf5 11. 0-0-0 Qh4 12. Nge2 fxe4 13. Nxe4 Nd7 14. N2c3 Nf6 15. Rg1 a6 16. c5 Nxe4 17. fxe4 Rf7 18. Bc4 Bg4 19. Rde1 Raf8 20. Nd1 Bf3 21. Nc3 Ng2 22. Bg5 Qxh2 23. Rh1 Qg3 24. Reg1 h5 25. Bf1 Qe1+ 26. Qxe1 Nxe1 27. Rh2 Bg4 28. Bg2 Nd3+ 29. Kc2 Nxc5 30. Bh3 Rf2+ 31. Rxf2 Rxf2+ 0-1

[Event "Ricany op"]
[Site "Ricany"]
[Date "2004.??.??"]
[Round "?"]
[White "Vodicka, Vladimir"]
[Black "Keller, Daniel"]
[Result "1/2-1/2"]
[WhiteElo "2270"]
[BlackElo "2100"]
[PlyCount "77"]
[EventDate "2004.??.??"]
[EventType "swiss"]
[EventRounds "9"]
[EventCountry "CZE"]
[SourceTitle "EXT 2007"]
[Source "ChessBase"]
[SourceDate "2006.11.23"]
[SourceVersion "1"]
[SourceVersionDate "2006.11.23"]
[SourceQuality "1"]

1. Nf3 Nf6 2. c4 d6 3. Nc3 c6 4. d4 Bg4 5. Qb3 Qb6 6. Be3 e6 7. g3 Be7 8. Bg2 0-0 9. 0-0 d5 10. c5 Qxb3 11. axb3 Nbd7 12. b4 a6 13. h3 Bf5 14. Rfc1 h6 15. g4 Bh7 16. Bf4 Ne4 17. e3 Rac8 18. Nxe4 Bxe4 19. Nd2 Bxg2 20. Kxg2 Rfe8 21. Nb3 Bd8 22. Na5 Bxa5 23. bxa5 e5 24. Bxe5 Nxe5 25. dxe5 Rxe5 26. Ra4 Rc7 27. Rc3 Kf8 28. Rb3 Ke8 29. Rab4 Ree7 30. f4 Kd8 31. Kf3 Kc8 32. Rd3 Re6 33. f5 Re5 34. e4 Rd7 35. exd5 Rexd5 36. Rxd5 Rxd5 37. Rc4 Kd7 38. b4 Rd3+ 39. Kg2 1/2-1/2

[Event "CZE-chT2"]
[Site "Czech Republic"]
[Date "1999.??.??"]
[Round "?"]
[White "Adamek, Zdenek"]
[Black "Vodicka, Vladimir"]
[Result "0-1"]
[WhiteElo "2125"]
[BlackElo "2335"]
[PlyCount "74"]
[EventDate "1999.??.??"]
[EventType "team"]
[EventRounds "11"]
[EventCountry "CZE"]
[SourceTitle "EXT 2003"]
[Source "ChessBase"]
[SourceDate "2002.11.25"]
[SourceVersion "1"]
[SourceVersionDate "2002.11.25"]
[SourceQuality "1"]

1. d4 Nf6 2. c4 g6 3. Nc3 d5 4. Nf3 Bg7 5. cxd5 Nxd5 6. e4 Nxc3 7. bxc3 c5 8. Rb1 0-0 9. Be2 Nc6 10. d5 Ne5 11. Nxe5 Bxe5 12. Qd2 b6 13. 0-0 e6 14. f4 Bg7 15. c4 exd5 16. cxd5 Bd4+ 17. Kh1 f5 18. Bb2 Bxb2 19. Qxb2 fxe4 20. Bc4 Qf6 21. Qe5 Bf5 22. Rbd1 Rae8 23. Qc7 Qf7 24. Qc6 Bd7 25. Qb7 Bc8 26. Qxf7+ Kxf7 27. d6+ Be6 28. d7 Rd8 29. Bxe6+ Kxe6 30. Rfe1 Rxf4 31. g3 Rf5 32. Rxe4+ Re5 33. Ra4 Rxd7 34. Rxd7 Kxd7 35. Rxa7+ Kd6 36. Rxh7 c4 37. Rh4 c3 0-1

[Event "CZE-chT2"]
[Site "Czech Republic"]
[Date "1999.??.??"]
[Round "?"]
[White "Vodicka, Vladimir"]
[Black "Vavra, Jan"]
[Result "1/2-1/2"]
[WhiteElo "2335"]
[BlackElo "2300"]
[PlyCount "91"]
[EventDate "1999.??.??"]
[EventType "team"]
[EventRounds "11"]
[EventCountry "CZE"]
[SourceTitle "EXT 2003"]
[Source "ChessBase"]
[SourceDate "2002.11.25"]
[SourceVersion "1"]
[SourceVersionDate "2002.11.25"]
[SourceQuality "1"]

1. e4 e5 2. Nf3 Nc6 3. Bc4 d6 4. 0-0 Nf6 5. Re1 Bg4 6. c3 Qd7 7. d3 Na5 8. Nbd2 Be7 9. a4 Nxc4 10. Nxc4 0-0 11. Ne3 Bh5 12. h3 Bxf3 13. Qxf3 g6 14. Nc4 Ne8 15. Bh6 Ng7 16. d4 f6 17. b3 Rf7 18. Rad1 Qe6 19. Re2 Rb8 20. Red2 Bf8 21. dxe5 fxe5 22. Qg4 Qxg4 23. hxg4 Ne6 24. Be3 b6 25. b4 a6 26. Ra2 Be7 27. f3 Bh4 28. Kf1 Bg5 29. Bxg5 Nxg5 30. Ke2 Rbf8 31. Kd3 Ne6 32. Ne3 Nf4+ 33. Kc4 Rb8 34. Nd5 Ne6 35. Rad2 Kf8 36. Rh1 Kg7 37. Rdd1 Rbf8 38. Rh2 Kg8 39. Rdh1 Rd8 40. Ne3 Nf4 41. g5 Kh8 42. Rh6 Rg7 43. R6h4 Rf8 44. Rg4 Rgf7 45. Rd1 Kg7 46. Ra1 1/2-1/2

[Event "CZE-chT2 9697"]
[Site "Czech Republic"]
[Date "1997.??.??"]
[Round "?"]
[White "Dalecky, Bretislav"]
[Black "Vodicka, Vladimir"]
[Result "0-1"]
[WhiteElo "2190"]
[BlackElo "2330"]
[PlyCount "52"]
[EventDate "1996.??.??"]
[EventType "team"]
[EventRounds "11"]
[EventCountry "CZE"]
[SourceTitle "EXT 1998"]
[Source "ChessBase"]
[SourceDate "1997.11.17"]
[SourceVersion "1"]
[SourceVersionDate "1997.11.17"]
[SourceQuality "1"]

1. e4 c5 2. Nf3 d6 3. d4 cxd4 4. Nxd4 Nf6 5. Nc3 Nc6 6. Bc4 e6 7. Be3 Be7 8. Qe2 a6 9. 0-0-0 0-0 10. Rhg1 Qe8 11. g4 Nd7 12. f4 Nc5 13. g5 Nxd4 14. Bxd4 b5 15. Bf6 g6 16. e5 bxc4 17. Rg3 dxe5 18. fxe5 Bb7 19. Qg4 h5 20. Qe2 Rd8 21. Rdg1 Qd7 22. Rh3 Qd4 23. Rf1 Bxf6 24. gxf6 Ne4 25. Rxh5 Nxc3 26. bxc3 Qxc3 0-1

[Event "Klatovy op-A"]
[Site "Klatovy"]
[Date "1997.??.??"]
[Round "?"]
[White "Folk, Petr"]
[Black "Vodicka, Vladimir"]
[Result "0-1"]
[WhiteElo "2225"]
[BlackElo "2330"]
[PlyCount "128"]
[EventDate "1997.??.??"]
[EventType "swiss"]
[EventRounds "9"]
[EventCountry "CZE"]
[SourceTitle "EXT 1998"]
[Source "ChessBase"]
[SourceDate "1997.11.17"]
[SourceVersion "1"]
[SourceVersionDate "1997.11.17"]
[SourceQuality "1"]

1. e4 c5 2. Nf3 Nc6 3. c3 d5 4. exd5 Qxd5 5. d4 Nf6 6. Be3 cxd4 7. cxd4 e6 8. Nc3 Qd6 9. a3 Be7 10. Bd3 0-0 11. 0-0 g6 12. Qe2 b6 13. Rad1 Bb7 14. Bb1 Rac8 15. Ba2 Nd5 16. Ne4 Qd8 17. Bh6 Re8 18. Rfe1 Bf8 19. Bg5 Be7 20. Bh6 Bf8 21. Bg5 Be7 22. h4 f6 23. Bxd5 exd5 24. Nxf6+ Bxf6 25. Qxe8+ Qxe8 26. Rxe8+ Rxe8 27. Bxf6 h6 28. b4 Ba6 29. Be5 Be2 30. Rc1 Re6 31. Rc3 Bxf3 32. Rxf3 Nxe5 33. Re3 Rc6 34. Rxe5 Rc3 35. Rxd5 Rxa3 36. Kf1 Kf7 37. Ke2 Ke6 38. Re5+ Kd6 39. b5 a6 40. bxa6 Rxa6 41. h5 g5 42. Rf5 Ra2+ 43. Ke3 Rb2 44. Ke4 b5 45. g3 Ke6 46. d5+ Ke7 47. Ke5 Re2+ 48. Kd4 Rc2 49. Kd3 Rc5 50. Kd4 Rc2 51. Kd3 Rc5 52. Re5+ Kd7 53. Ke4 b4 54. Kf5 b3 55. Re2 Rxd5+ 56. Ke4 Rb5 57. Rb2 Ke6 58. f4 gxf4 59. Kxf4 Kf6 60. Ke4 Kg5 61. Kf3 Kxh5 62. Rh2+ Kg5 63. g4 Rb6 64. Rb2 Rb4 0-1

[Event "CZE-chT2 9798"]
[Site "Czech Republic"]
[Date "1997.??.??"]
[Round "1.2"]
[White "Roj, Miroslav"]
[Black "Vodicka, Vladimir"]
[Result "1/2-1/2"]
[WhiteElo "2180"]
[BlackElo "2340"]
[PlyCount "109"]
[EventDate "1997.??.??"]
[EventType "team"]
[EventRounds "11"]
[EventCountry "CZE"]
[SourceTitle "EXT 1999"]
[Source "ChessBase"]
[SourceDate "1998.11.16"]
[SourceVersion "1"]
[SourceVersionDate "1998.11.16"]
[SourceQuality "1"]

1. e4 c5 2. Nf3 Nc6 3. Bb5 g6 4. 0-0 Bg7 5. Re1 Nf6 6. e5 Nd5 7. Nc3 Nc7 8. Bxc6 dxc6 9. Ne4 Ne6 10. d3 b6 11. Be3 h6 12. a4 Nd4 13. a5 Rb8 14. axb6 axb6 15. Nxd4 cxd4 16. Bf4 Be6 17. Qd2 g5 18. Bg3 0-0 19. h4 gxh4 20. Bxh4 Qd7 21. Ng3 Kh7 22. f4 Rg8 23. Qf2 f5 24. Qe2 Bf8 25. Qh5 Rg6 26. Kf2 Bg7 27. Rh1 Rf8 28. Qd1 Bd5 29. Rh2 Rg8 30. Qh1 Bf8 31. Rg1 Rg4 32. Bg5 Qe6 33. Ne2 c5 34. Rh3 Rg6 35. Rg3 Kg7 36. Rxg4 fxg4 37. Bh4 Qf5 38. Qh2 Kf7 39. Qg3 Bg7 40. Ra1 Bxe5 41. Ra7 Bd6 42. Kg1 Re6 43. Qf2 g3 44. Bxg3 Qg4 45. Kf1 Re3 46. Ra1 Bf3 47. Ng1 Bc6 48. Bh2 Kf6 49. g3 Qe6 50. b3 b5 51. Ra6 Bd5 52. f5 Qxf5 53. Qxf5+ Kxf5 54. g4+ Ke6 55. Bf4 1/2-1/2

[Event "CZE-chT2 9798"]
[Site "Czech Republic"]
[Date "1997.??.??"]
[Round "3.2"]
[White "Varejcko, Josef"]
[Black "Vodicka, Vladimir"]
[Result "0-1"]
[WhiteElo "2320"]
[BlackElo "2340"]
[PlyCount "76"]
[EventDate "1997.??.??"]
[EventType "team"]
[EventRounds "11"]
[EventCountry "CZE"]
[SourceTitle "EXT 1999"]
[Source "ChessBase"]
[SourceDate "1998.11.16"]
[SourceVersion "1"]
[SourceVersionDate "1998.11.16"]
[SourceQuality "1"]

1. d4 Nf6 2. Nf3 d6 3. g3 g6 4. Bg2 Bg7 5. 0-0 0-0 6. b4 c5 7. bxc5 dxc5 8. c3 Nc6 9. Ba3 Qa5 10. Bxc5 Ne4 11. Ba3 Nxc3 12. Qd2 Qa4 13. Nxc3 Qxa3 14. Rab1 a6 15. e3 Rd8 16. Rfc1 Na5 17. Ne4 Bf5 18. Rc3 Qa4 19. Nc5 Qe8 20. Rb6 Rd6 21. Rxd6 exd6 22. Nd3 b5 23. Nb2 d5 24. Rc5 Nc4 25. Nxc4 dxc4 26. Ne5 Rc8 27. Nc6 Bf8 28. Re5 Qd7 29. Rd5 c3 30. Qc1 Qxc6 31. Rxf5 Qc4 32. Bd5 Qe2 33. Rxf7 c2 34. Rf6+ Kg7 35. Rf7+ Kh8 36. Bf3 Qd3 37. Bb7 Ba3 38. Qxa3 c1Q+ 0-1

[Event "Klatovy op-A"]
[Site "Klatovy"]
[Date "1997.??.??"]
[Round "?"]
[White "Vodicka, Vladimir"]
[Black "Boller, G."]
[Result "1/2-1/2"]
[WhiteElo "2330"]
[BlackElo "2030"]
[PlyCount "62"]
[EventDate "1997.??.??"]
[EventType "swiss"]
[EventRounds "9"]
[EventCountry "CZE"]
[SourceTitle "EXT 1998"]
[Source "ChessBase"]
[SourceDate "1997.11.17"]
[SourceVersion "1"]
[SourceVersionDate "1997.11.17"]
[SourceQuality "1"]

1. e4 e5 2. Nf3 Nc6 3. d4 exd4 4. Bc4 Bc5 5. c3 d3 6. b4 Bf8 7. Qb3 Qe7 8. 0-0 d6 9. Bg5 Nf6 10. Nbd2 Be6 11. Rfe1 h6 12. Bh4 0-0-0 13. Bd5 g5 14. Bg3 Nd7 15. c4 Bg7 16. Bxc6 bxc6 17. Rac1 h5 18. h4 gxh4 19. Bxh4 Bf6 20. Bxf6 Qxf6 21. Qxd3 Rhg8 22. Qe3 Bh3 23. g3 h4 24. Kh2 hxg3+ 25. fxg3 Bg4 26. Kg2 Rh8 27. Rh1 Kb7 28. Qf4 Qg7 29. Rxh8 Rxh8 30. Rh1 Rxh1 31. Kxh1 Be6 1/2-1/2

[Event "Decin op"]
[Site "Decin"]
[Date "1997.??.??"]
[Round "5"]
[White "Vodicka, Vladimir"]
[Black "Gileva, Irina"]
[Result "1-0"]
[WhiteElo "2330"]
[BlackElo "2145"]
[PlyCount "43"]
[EventDate "1997.??.??"]
[EventType "swiss"]
[EventRounds "9"]
[EventCountry "CZE"]
[SourceTitle "EXT 1998"]
[Source "ChessBase"]
[SourceDate "1997.11.17"]
[SourceVersion "1"]
[SourceVersionDate "1997.11.17"]
[SourceQuality "1"]

1. e4 e5 2. Nf3 Nf6 3. Nxe5 d6 4. Nf3 Nxe4 5. d4 d5 6. Bd3 Be7 7. 0-0 Nc6 8. c4 Nb4 9. Be2 0-0 10. Nc3 Bf5 11. a3 Nxc3 12. bxc3 Nc6 13. cxd5 Qxd5 14. c4 Qe4 15. Be3 Bf6 16. Ra2 Rad8 17. Rd2 Qe7 18. Qb3 b6 19. Rfd1 Be4 20. h3 Bxf3 21. Bxf3 Nxd4 22. Rxd4 1-0

[Event "Decin op"]
[Site "Decin"]
[Date "1997.??.??"]
[Round "9"]
[White "Vodicka, Vladimir"]
[Black "Khurtsidze, Nino"]
[Result "1-0"]
[WhiteElo "2330"]
[BlackElo "2415"]
[PlyCount "59"]
[EventDate "1997.??.??"]
[EventType "swiss"]
[EventRounds "9"]
[EventCountry "CZE"]
[SourceTitle "EXT 1998"]
[Source "ChessBase"]
[SourceDate "1997.11.17"]
[SourceVersion "1"]
[SourceVersionDate "1997.11.17"]
[SourceQuality "1"]

1. e4 c5 2. Nf3 e6 3. c3 d5 4. exd5 exd5 5. d4 Nc6 6. Be2 Bd6 7. dxc5 Bxc5 8. Nbd2 h6 9. Nb3 Bb6 10. 0-0 Nge7 11. Bf4 0-0 12. Nfd4 a6 13. Qd2 Ng6 14. Nxc6 bxc6 15. Be3 Bc7 16. f4 Re8 17. Rae1 Ne7 18. g4 Ng6 19. Bd1 f5 20. Bc2 Qh4 21. Re2 Ne7 22. Nd4 fxg4 23. Nxc6 Nxc6 24. Qxd5+ Be6 25. Qxc6 g3 26. Bd4 Qg4 27. Rxe6 gxh2+ 28. Kh1 Rxe6 29. Qxa8+ Kf7 30. Bb3 1-0

[Event "Klatovy op-A"]
[Site "Klatovy"]
[Date "1997.??.??"]
[Round "?"]
[White "Vodicka, Vladimir"]
[Black "Kuljabin, Vadim"]
[Result "1/2-1/2"]
[WhiteElo "2330"]
[BlackElo "2360"]
[PlyCount "83"]
[EventDate "1997.??.??"]
[EventType "swiss"]
[EventRounds "9"]
[EventCountry "CZE"]
[SourceTitle "EXT 1998"]
[Source "ChessBase"]
[SourceDate "1997.11.17"]
[SourceVersion "1"]
[SourceVersionDate "1997.11.17"]
[SourceQuality "1"]

1. e4 c5 2. Nf3 d6 3. d4 cxd4 4. Nxd4 Nf6 5. Na3 g6 6. Be3 Bg7 7. Be2 0-0 8. h4 h5 9. f3 Nc6 10. Qd2 Nxd4 11. Bxd4 Qa5 12. 0-0-0 Be6 13. Kb1 Rfc8 14. b3 Rc7 15. Nb5 Qxd2 16. Rxd2 Rd7 17. Bxa7 d5 18. e5 Ne8 19. f4 f6 20. Bd4 fxe5 21. Bxe5 Nf6 22. Bf3 Ne4 23. Bxe4 dxe4 24. Rxd7 Bxd7 25. Bxg7 Bxb5 26. Bd4 Kf7 27. Re1 Bc6 28. Kb2 Ke6 29. Re3 Kf5 30. g3 Rd8 31. Kc3 b5 32. a3 Rd7 33. Be5 Kg4 34. Kb4 Rd2 35. c4 bxc4 36. Kxc4 Bd5+ 37. Kc3 Ra2 38. a4 e6 39. Bc7 Ra1 40. Be5 Ra2 41. Bd6 Bc6 42. Be5 1/2-1/2

[Event "Klatovy op"]
[Site "Klatovy"]
[Date "1996.??.??"]
[Round "?"]
[White "Vodicka, Vladimir"]
[Black "Kozak, Milos"]
[Result "1/2-1/2"]
[WhiteElo "2340"]
[BlackElo "2285"]
[PlyCount "32"]
[EventDate "1996.??.??"]
[EventType "swiss"]
[EventRounds "9"]
[EventCountry "CZE"]
[SourceTitle "EXT 1998"]
[Source "ChessBase"]
[SourceDate "1997.11.17"]
[SourceVersion "1"]
[SourceVersionDate "1997.11.17"]
[SourceQuality "1"]

1. e4 e5 2. Nf3 Nc6 3. Bb5 a6 4. Ba4 Nf6 5. d3 d6 6. c3 Bd7 7. Nbd2 g6 8. Nf1 Bg7 9. Bg5 h6 10. Bh4 0-0 11. Ne3 Ne7 12. Bc2 c6 13. 0-0 Qc7 14. d4 Be6 15. Re1 Rad8 16. Qe2 Nh5 1/2-1/2

[Event "CZE-chT2"]
[Site "Czech Republic"]
[Date "1995.??.??"]
[Round "?"]
[White "Houser, Pavel"]
[Black "Vodicka, Vladimir"]
[Result "0-1"]
[WhiteElo "2340"]
[BlackElo "2335"]
[PlyCount "88"]
[EventDate "1995.??.??"]
[EventType "team"]
[EventRounds "11"]
[EventCountry "CZE"]
[SourceTitle "EXT 1997"]
[Source "ChessBase"]
[SourceDate "1996.11.15"]
[SourceVersion "1"]
[SourceVersionDate "1996.11.15"]
[SourceQuality "1"]

1. e4 c5 2. Nf3 Nc6 3. Bb5 g6 4. 0-0 Bg7 5. Re1 Nf6 6. c3 0-0 7. d4 d5 8. exd5 Qxd5 9. dxc5 Qxc5 10. Qe2 Bg4 11. Be3 Qh5 12. Nbd2 Ne5 13. Bd4 Nxf3+ 14. gxf3 Bh3 15. Qe5 Qxe5 16. Bxe5 Rfd8 17. Nb3 a6 18. Bf1 Be6 19. Nd4 Bd7 20. c4 Rac8 21. Rac1 Bh6 22. Rc2 Nh5 23. Nb3 f6 24. Bd4 Bf5 25. Rc3 e5 26. Be3 Bf8 27. c5 Ng7 28. Na5 Rd7 29. Rec1 Be6 30. a3 Nf5 31. c6 bxc6 32. Rxc6 Rxc6 33. Rxc6 Bd5 34. Bc4 Nh4 35. Kf1 Nxf3 36. Rxf6 e4 37. Rxa6 Bxc4+ 38. Nxc4 Rd1+ 39. Kg2 Rg1+ 40. Kh3 g5 41. Bxg5 Nxg5+ 42. Kh4 Nf3+ 43. Kh3 Be7 44. Ra7 Rg7 0-1

[Event "Hradec Kralove op"]
[Site "Hradec Kralove"]
[Date "1995.??.??"]
[Round "2"]
[White "Vodicka, Vladimir"]
[Black "Malivanek, Jiri"]
[Result "1-0"]
[WhiteElo "2335"]
[BlackElo "2165"]
[PlyCount "131"]
[EventDate "1995.??.??"]
[EventType "swiss"]
[EventRounds "9"]
[EventCountry "CZE"]
[SourceTitle "EXT 2001"]
[Source "ChessBase"]
[SourceDate "2000.11.22"]
[SourceVersion "1"]
[SourceVersionDate "2000.11.22"]
[SourceQuality "1"]

1. e4 e5 2. Nf3 Nc6 3. Bc4 Nf6 4. d4 exd4 5. 0-0 Nxe4 6. Re1 d5 7. Bxd5 Qxd5 8. Nc3 Qa5 9. Nxe4 Be6 10. Neg5 0-0-0 11. Nxe6 fxe6 12. Rxe6 Bd6 13. Bg5 Rde8 14. Qe1 Qxe1+ 15. Raxe1 Kd7 16. Rxe8 Rxe8 17. Rd1 Re2 18. Bd2 h6 19. Kf1 Re4 20. Be1 Ke6 21. Nd2 Rh4 22. h3 Rh5 23. Nb3 Rd5 24. f3 Be5 25. Bf2 b5 26. a3 a5 27. Nc1 Ne7 28. Nd3 Bd6 29. Re1+ Kd7 30. Re4 c5 31. Nc1 Nc6 32. Ke2 c4 33. Kd2 Bc5 34. Ne2 b4 35. axb4 axb4 36. Nf4 Rd6 37. b3 Na5 38. bxc4 Nxc4+ 39. Kd3 Nb2+ 40. Kd2 Nc4+ 41. Ke2 Kc6 42. Nd3 h5 43. Re8 Kb5 44. g4 hxg4 45. hxg4 Bb6 46. Re7 g6 47. Be1 Ba5 48. Re8 Ne3 49. Re5+ Rd5 50. Rxd5+ Nxd5 51. Bd2 Bc7 52. f4 Bd6 53. Kf3 Nf6 54. g5 Nd7 55. Ke4 Kc4 56. f5 gxf5+ 57. Kxf5 Bf8 58. g6 Bg7 59. Bxb4 Nb6 60. Bd2 Nd5 61. Ne5+ Kb5 62. Ng4 Nb4 63. Bxb4 Kxb4 64. Ke6 d3 65. cxd3 Kc3 66. Nf2 1-0

[Event "CZE-chT2"]
[Site "Czech Republic"]
[Date "1995.??.??"]
[Round "?"]
[White "Vodicka, Vladimir"]
[Black "Marsalek, Zdenek"]
[Result "1-0"]
[WhiteElo "2335"]
[BlackElo "2190"]
[PlyCount "71"]
[EventDate "1995.??.??"]
[EventType "team"]
[EventRounds "11"]
[EventCountry "CZE"]
[SourceTitle "EXT 1997"]
[Source "ChessBase"]
[SourceDate "1996.11.15"]
[SourceVersion "1"]
[SourceVersionDate "1996.11.15"]
[SourceQuality "1"]

1. e4 c5 2. Nf3 Nc6 3. d4 cxd4 4. Nxd4 Nf6 5. Nc3 e5 6. Ndb5 d6 7. Bg5 a6 8. Na3 b5 9. Bxf6 gxf6 10. Nd5 Bg7 11. c3 Ne7 12. Nc2 f5 13. exf5 Nxf5 14. Bd3 0-0 15. 0-0 Qg5 16. Qf3 Ra7 17. a4 bxa4 18. Rxa4 Nh6 19. Rfa1 Be6 20. Qe3 Qxe3 21. Ncxe3 f5 22. Rxa6 Rxa6 23. Rxa6 f4 24. Ne7+ Kh8 25. N3d5 Nf7 26. b4 Bh6 27. f3 Re8 28. Be4 Bf8 29. Nc6 Rc8 30. b5 Ng5 31. Ra7 Nxe4 32. fxe4 Bxd5 33. exd5 e4 34. b6 e3 35. Kf1 Re8 36. Ke2 1-0

[Event "Klatovy op"]
[Site "Klatovy"]
[Date "1995.??.??"]
[Round "7"]
[White "Vodicka, Vladimir"]
[Black "Pinc, Miroslav"]
[Result "1-0"]
[WhiteElo "2335"]
[BlackElo "2210"]
[PlyCount "83"]
[EventDate "1995.??.??"]
[EventType "swiss"]
[EventRounds "9"]
[EventCountry "CZE"]
[SourceTitle "EXT 1997"]
[Source "ChessBase"]
[SourceDate "1996.11.15"]
[SourceVersion "1"]
[SourceVersionDate "1996.11.15"]
[SourceQuality "1"]

1. e4 c5 2. Nf3 d6 3. d4 cxd4 4. Nxd4 Nf6 5. Nc3 e6 6. g4 Nc6 7. g5 Nd7 8. Be3 a6 9. f4 Qc7 10. Qd2 b5 11. Bd3 Bb7 12. 0-0-0 Nxd4 13. Bxd4 Nc5 14. Rhe1 b4 15. Nd5 exd5 16. exd5+ Kd8 17. Qxb4 Bxd5 18. Bf5 Rb8 19. Qa3 Ne6 20. Bc3 Rb5 21. Qxa6 Qb7 22. Qa4 Bc6 23. Bxe6 fxe6 24. Rxe6 Rd5 25. Qa3 Rxd1+ 26. Kxd1 d5 27. Qb3 Qxb3 28. axb3 Kd7 29. Re1 Bd6 30. Bxg7 Rg8 31. Be5 Bxe5 32. Rxe5 Rf8 33. f5 Re8 34. Rxe8 Kxe8 35. Kd2 Bd7 36. f6 Kf7 37. Ke3 Kg6 38. Kd4 Be6 39. Ke5 Bf7 40. b4 Kxg5 41. b5 d4 42. b6 1-0

[Event "Oberliga Bayern 9394"]
[Site "Bayern"]
[Date "1994.01.16"]
[Round "4.3"]
[White "Zellner, Richard"]
[Black "Vodicka, Vladimir"]
[Result "1/2-1/2"]
[WhiteElo "2200"]
[BlackElo "2355"]
[PlyCount "62"]
[EventDate "1993.10.10"]
[EventType "team-tourn"]
[EventRounds "9"]
[EventCountry "GER"]
[SourceTitle "EXT 2020"]
[Source "ChessBase"]
[SourceDate "2019.10.17"]
[SourceVersion "1"]
[SourceVersionDate "2019.10.17"]
[SourceQuality "1"]
[WhiteTeam "Milbertshofen (SG Schwabing)"]
[BlackTeam "Erlangen TB"]
[WhiteTeamCountry "GER"]
[BlackTeamCountry "GER"]

1. e4 c5 2. Nf3 Nc6 3. d4 cxd4 4. Nxd4 Nf6 5. Nc3 d6 6. Bg5 Bd7 7. Qd2 Nxd4 8. Qxd4 Qa5 9. f4 Rc8 10. Be2 a6 11. Rd1 Bc6 12. 0-0 e5 13. Qd3 Be7 14. Qg3 h6 15. fxe5 hxg5 16. exd6 Bd8 17. e5 0-0 18. exf6 Bxf6 19. Bd3 Be5 20. Qh3 g6 21. Rxf7 Rxf7 22. Qxc8+ Kg7 23. Ne4 Bxe4 24. Bxe4 Qb6+ 25. Kh1 Qxd6 26. Qg4 Qf6 27. g3 Bxb2 28. Bd5 Rc7 29. Qe2 Be5 30. Rf1 Qd6 31. c4 b5 1/2-1/2

[Event "Mlada Boleslav op"]
[Site "Mlada Boleslav"]
[Date "1993.??.??"]
[Round "?"]
[White "Jirovsky, Milos"]
[Black "Vodicka, Vladimir"]
[Result "0-1"]
[WhiteElo "2420"]
[BlackElo "2355"]
[PlyCount "114"]
[EventDate "1993.08.??"]
[EventType "swiss"]
[EventRounds "9"]
[EventCountry "CZE"]
[SourceTitle "EXT 1997"]
[Source "ChessBase"]
[SourceDate "1996.11.15"]
[SourceVersion "1"]
[SourceVersionDate "1996.11.15"]
[SourceQuality "1"]

1. e4 c5 2. Nf3 Nc6 3. d4 cxd4 4. Nxd4 Nf6 5. Nc3 e5 6. Ndb5 d6 7. Bg5 a6 8. Na3 b5 9. Nd5 Be7 10. Bxf6 Bxf6 11. Bd3 0-0 12. 0-0 Bg5 13. c3 Be6 14. Nc2 Bxd5 15. exd5 Ne7 16. Qh5 h6 17. h4 g6 18. Qg4 f5 19. Qh3 Bf6 20. h5 e4 21. hxg6 Bg7 22. Be2 Nxd5 23. f4 Ne7 24. Bh5 d5 25. Rad1 Qb6+ 26. Qe3 Qxe3+ 27. Nxe3 Rfd8 28. g4 d4 29. Nxf5 Nxf5 30. gxf5 d3 31. Rfe1 Re8 32. Kf1 Rad8 33. Re3 Rd5 34. Bg4 h5 35. Bh3 b4 36. cxb4 Bxb2 37. Bg2 Rxf5 38. Rdxd3 Rxf4+ 39. Ke1 exd3 40. Rxe8+ Kg7 41. Rd8 Bc3+ 42. Kd1 d2 43. a3 Rf2 44. Be4 Rf1+ 45. Kc2 Rc1+ 46. Kb3 d1Q+ 47. Rxd1 Rxd1 48. Kxc3 h4 49. Bb7 h3 50. Bxa6 h2 51. Bb7 Kf6 52. Kc4 Ke7 53. Kc5 Kd7 54. g7 Rg1 55. Kb6 Rxg7 56. a4 Kd8 57. Bd5 Rg4 0-1